[Event "Titled Tue 17th Jun Early"]
[Site "chess.com INT"]
[Date "2025.06.17"]
[Round "4"]
[White "Winkels, Marcel"]
[Black "Moreira, Ronaldo Alonso"]
[Result "0-1"]
[WhiteTitle "CM"]
[WhiteElo "1905"]
[BlackElo "2094"]
[WhiteFideId "1003887"]
[BlackFideId "2110547"]
[EventDate "2025.06.17"]

1. e4 e6 2. d4 d5 3. Nc3 Nf6 4. Bg5 dxe4 5. Nxe4 Be7 6. Bxf6 gxf6 7. Nf3 f5 8.
Ng3 c5 9. c3 Nc6 10. Bc4 cxd4 11. cxd4 Qa5+ 12. Qd2 Bb4 0-1

[Event "Titled Tue 17th Jun Early"]
[Site "chess.com INT"]
[Date "2025.06.17"]
[Round "4"]
[White "Tang, Andrew"]
[Black "Aakash Sharadchandra, Dalvi"]
[Result "1-0"]
[WhiteTitle "GM"]
[BlackTitle "FM"]
[WhiteElo "2529"]
[BlackElo "2396"]
[WhiteFideId "2059630"]
[BlackFideId "25033220"]
[EventDate "2025.06.17"]

1. d4 Nf6 2. c4 e6 3. Nc3 Bb4 4. Qc2 O-O 5. Nf3 d5 6. Bg5 c5 7. cxd5 exd5 8. e3
h6 9. Bh4 Nc6 10. dxc5 g5 11. Bg3 Ne4 12. Bd3 Bxc3+ 13. bxc3 Nxc5 14. O-O Nxd3
15. Qxd3 Be6 16. Nd4 Rc8 17. Nxe6 fxe6 18. Qg6+ Kh8 19. Qxh6+ Kg8 20. Qxe6+ 1-0

[Event "Titled Tue 17th Jun Early"]
[Site "chess.com INT"]
[Date "2025.06.17"]
[Round "4"]
[White "Garrido, Denis"]
[Black "Jake Shanty"]
[Result "0-1"]
[WhiteTitle "FM"]
[BlackTitle "FM"]
[WhiteElo "2230"]
[BlackElo "2252"]
[WhiteFideId "601217"]
[BlackFideId "33478066"]
[EventDate "2025.06.17"]

1. e4 c5 2. Nf3 d6 3. d4 cxd4 4. Nxd4 Nf6 5. Nc3 a6 6. g3 e5 7. Nb3 Bg4 8. f3
Be6 9. Be3 Nc6 10. g4 d5 11. g5 Nxe4 12. fxe4 d4 13. Bd2 dxc3 14. Bxc3 Qxg5 0-1

[Event "Titled Tue 17th Jun Early"]
[Site "chess.com INT"]
[Date "2025.06.17"]
[Round "4"]
[White "Villa Tornero, Alex"]
[Black "Modric, Nesa"]
[Result "1-0"]
[WhiteTitle "FM"]
[BlackTitle "CM"]
[WhiteElo "2211"]
[BlackElo "2088"]
[WhiteFideId "54501091"]
[BlackFideId "922579"]
[EventDate "2025.06.17"]

1. e4 c6 2. Nf3 d5 3. exd5 cxd5 4. Ne5 Nc6 5. d4 Nf6 6. c3 e6 7. Bf4 Be7 8. Nd2
O-O 9. Bd3 Re8 10. h4 Bd7 11. h5 Bf8 12. g4 Bc8 13. g5 Nd7 14. Bxh7+ Kxh7 15.
g6+ Kg8 16. gxf7+ Kh8 17. Ng6+ Kh7 18. Qc2 Nf6 19. Nxf8+ Kh8 20. Qh7+ Nxh7 21.
Ng6# 1-0

[Event "Titled Tue 17th Jun Early"]
[Site "chess.com INT"]
[Date "2025.06.17"]
[Round "4"]
[White "Akhmedov, David"]
[Black "Mrudul, Dehankar"]
[Result "0-1"]
[WhiteTitle "FM"]
[BlackTitle "WIM"]
[WhiteElo "2447"]
[BlackElo "2078"]
[WhiteFideId "34220194"]
[BlackFideId "25096990"]
[EventDate "2025.06.17"]

1. d4 Nf6 2. c4 e6 3. Nf3 Bb4+ 4. Nbd2 b6 5. a3 Bxd2+ 6. Qxd2 Bb7 7. e3 d6 8.
Be2 Nbd7 9. b4 O-O 10. O-O a5 11. Bb2 Ne4 12. Qc2 f5 13. d5 e5 14. Bd3 Ndf6 15.
Rac1 c6 16. dxc6 Bxc6 17. Rfd1 Qe7 18. Qb3 Kh8 19. Nd2 axb4 20. axb4 Ba4 0-1

[Event "Titled Tue 17th Jun Early"]
[Site "chess.com INT"]
[Date "2025.06.17"]
[Round "4"]
[White "Gholami Orimi, Mahdi"]
[Black "Mujumdar, Sameer"]
[Result "1-0"]
[WhiteTitle "GM"]
[WhiteElo "2511"]
[BlackElo "2043"]
[WhiteFideId "12558486"]
[BlackFideId "2029707"]
[EventDate "2025.06.17"]

1. c4 Nf6 2. g3 g6 3. Bg2 Bg7 4. Nc3 O-O 5. e4 d6 6. Nf3 c5 7. O-O Nc6 8. d3 Bd7
9. h3 a6 10. a3 Rb8 11. Rb1 b5 12. cxb5 axb5 13. Kh2 b4 14. axb4 Nxb4 15. d4
cxd4 16. Nxd4 Nc6 17. Be3 Ne5 18. Qe2 Qa5 19. f4 Nc6 20. Nxc6 Bxc6 21. Rfc1 Rfc8
22. Bd2 Qa8 23. b4 h5 24. b5 Bb7 25. Ra1 1-0

[Event "Titled Tue 17th Jun Early"]
[Site "chess.com INT"]
[Date "2025.06.17"]
[Round "4"]
[White "Lopez Del Alamo, Antonio"]
[Black "Yonal, Timur"]
[Result "1-0"]
[WhiteTitle "FM"]
[BlackTitle "FM"]
[WhiteElo "2166"]
[BlackElo "2170"]
[WhiteFideId "2227339"]
[BlackFideId "44115725"]
[EventDate "2025.06.17"]

1. e4 e5 2. Bc4 Nf6 3. d3 Nc6 4. Nc3 a6 5. f4 d6 6. Nf3 Be7 7. O-O b5 8. Bb3 Na5
9. fxe5 dxe5 10. Be3 Nxb3 11. axb3 Bg4 12. h3 Bxf3 13. Qxf3 O-O 14. Bg5 b4 15.
Bxf6 Bxf6 16. Nd5 Be7 17. Kh1 c6 18. Ne3 g6 19. Nc4 f6 20. Ra4 Qc8 21. Nb6 1-0

[Event "Titled Tue 17th Jun Early"]
[Site "chess.com INT"]
[Date "2025.06.17"]
[Round "4"]
[White "Nazin, Roman"]
[Black "Postny, Evgeny"]
[Result "0-1"]
[WhiteTitle "CM"]
[BlackTitle "GM"]
[WhiteElo "2250"]
[BlackElo "2525"]
[WhiteFideId "4137167"]
[BlackFideId "2804344"]
[EventDate "2025.06.17"]

1. d4 Nf6 2. Nf3 c5 3. e3 cxd4 4. exd4 d5 5. c4 Nc6 6. Nc3 e6 7. cxd5 exd5 8.
Bb5 Bd6 9. O-O O-O 10. h3 h6 11. Re1 Be6 12. a3 Rc8 13. Be3 Bb8 14. Bxc6 Rxc6
15. Ne5 Rc8 16. Bf4 Bf5 17. Qb3 b6 18. Rab1 Bxb1 0-1

[Event "Titled Tue 17th Jun Early"]
[Site "chess.com INT"]
[Date "2025.06.17"]
[Round "4"]
[White "Veleshnja, Zino"]
[Black "Shermuhammadov, Samandar"]
[Result "0-1"]
[WhiteTitle "FM"]
[BlackTitle "FM"]
[WhiteElo "2245"]
[BlackElo "2110"]
[WhiteFideId "4701313"]
[BlackFideId "14205602"]
[EventDate "2025.06.17"]

1. d4 d6 2. c4 e5 3. dxe5 dxe5 4. Qxd8+ Kxd8 5. g3 f6 6. Bg2 c6 7. Nf3 Be6 8. b3
a5 9. a4 Na6 10. O-O Kc7 11. Ba3 Bb4 12. Bxb4 axb4 13. Nbd2 Nc5 14. Rfd1 Ne7 15.
Ne1 Rhd8 16. Nc2 Rxd2 17. Rxd2 Nxb3 18. Rdd1 Nxa1 19. Rxa1 b3 20. Ne3 Nf5 21.
Nxf5 Bxf5 22. e4 Be6 23. Bf1 b2 24. Rb1 Rxa4 25. Rxb2 Bxc4 26. Bxc4 Rxc4 27. f3
b5 28. Kf2 b4 29. Ke2 c5 30. Rd2 Rc3 31. f4 b3 32. Kd1 c4 33. fxe5 fxe5 34. Rd5
Rd3+ 0-1

[Event "Titled Tue 17th Jun Early"]
[Site "chess.com INT"]
[Date "2025.06.17"]
[Round "4"]
[White "Zieba, Hubert"]
[Black "Shubhi Gupta"]
[Result "1-0"]
[WhiteTitle "CM"]
[BlackTitle "WFM"]
[WhiteElo "2233"]
[BlackElo "2188"]
[WhiteFideId "21844704"]
[BlackFideId "25195425"]
[EventDate "2025.06.17"]

1. d4 d5 2. c4 e6 3. Nf3 Nf6 4. g3 Be7 5. Bg2 O-O 6. O-O dxc4 7. Qc2 a6 8. a4
Bd7 9. Qxc4 Bc6 10. Bg5 Bd5 11. Qc2 Be4 12. Qc1 Nbd7 13. Nc3 Bg6 14. Rd1 c6 15.
Bxf6 Nxf6 16. Ne5 Qc7 17. e3 Rfd8 18. a5 Rac8 19. Nc4 c5 20. Nb6 Rb8 21. Nca4
Nd7 22. Nxd7 Rxd7 23. Nxc5 Bxc5 24. Qxc5 Qxc5 25. dxc5 Rc7 26. b4 h6 27. Rd6
Rbc8 28. Rad1 Kh7 29. Rd8 1-0

[Event "Titled Tue 17th Jun Early"]
[Site "chess.com INT"]
[Date "2025.06.17"]
[Round "4"]
[White "Przybylski, Bartosz"]
[Black "Dudin, Gleb"]
[Result "1-0"]
[WhiteTitle "CM"]
[BlackTitle "GM"]
[WhiteElo "2101"]
[BlackElo "2574"]
[WhiteFideId "21878323"]
[BlackFideId "34184934"]
[EventDate "2025.06.17"]

1. e4 c5 2. Nf3 d6 3. d4 cxd4 4. Nxd4 Nf6 5. Nc3 g6 6. Be3 Bg7 7. f3 h5 8. Bc4
a6 9. Qd2 Bd7 10. O-O-O Nc6 11. Kb1 Ne5 12. Bb3 b5 13. Bg5 b4 14. Nd5 Nxd5 15.
exd5 a5 16. f4 Ng4 17. Rhe1 O-O 18. Bxe7 Qb6 19. Bxf8 Rxf8 20. h3 Nh6 21. Ne6
fxe6 22. dxe6 Be8 23. e7+ Rf7 24. Qxd6 Qb5 25. Qd8 a4 26. Qxe8+ Qxe8 27. Rd8 1-0

[Event "Titled Tue 17th Jun Early"]
[Site "chess.com INT"]
[Date "2025.06.17"]
[Round "4"]
[White "Oppezzo, Sebastian"]
[Black "Weerasekara, Dishal Nimsara"]
[Result "0-1"]
[BlackTitle "FM"]
[WhiteElo "2177"]
[BlackElo "2125"]
[WhiteFideId "112321"]
[BlackFideId "9997431"]
[EventDate "2025.06.17"]

1. d4 Nf6 2. c4 e6 3. g3 d5 4. Bg2 Bb4+ 5. Nd2 O-O 6. Qc2 c5 7. cxd5 exd5 8. Nf3
c4 9. O-O Nc6 10. Rd1 Re8 11. e3 Bg4 12. b3 b5 13. a4 a6 14. Bb2 Bf8 15. h3 Bh5
16. axb5 axb5 17. Rxa8 Qxa8 18. Ra1 Qb7 19. Ne5 Nb4 20. Qf5 Bg6 21. Nxg6 hxg6
22. Qf4 Nd3 0-1

[Event "Titled Tue 17th Jun Early"]
[Site "chess.com INT"]
[Date "2025.06.17"]
[Round "4"]
[White "Sindarov, Islombek"]
[Black "Sreyas, Payyappat"]
[Result "1-0"]
[WhiteTitle "CM"]
[BlackTitle "FM"]
[WhiteElo "2129"]
[BlackElo "2107"]
[WhiteFideId "14205475"]
[BlackFideId "46674969"]
[EventDate "2025.06.17"]

1. Nf3 Nf6 2. g3 c5 3. Bg2 Nc6 4. O-O g6 5. d3 Bg7 6. c4 d5 7. Nc3 d4 8. Nb1 O-O
9. Nbd2 e5 10. a3 a5 11. Rb1 a4 12. Ne1 Ng4 13. Nc2 f5 14. b4 axb3 15. Nxb3 Qd6
16. h3 Nf6 17. e3 e4 18. exd4 cxd4 19. Bf4 Qd8 20. Nb4 Rxa3 21. Nxc6 bxc6 22. c5
Ba6 23. Bd6 Bxd3 24. Nxd4 Re8 25. Nxc6 Qd7 26. Nd4 Nd5 27. Rb3 Ra4 28. Rxd3 exd3
29. Bxd5+ Kh8 30. Bc6 1-0

[Event "Titled Tue 17th Jun Early"]
[Site "chess.com INT"]
[Date "2025.06.17"]
[Round "4"]
[White "Mariano, Fabian Glen"]
[Black "Danila, Tudor-Gabriel"]
[Result "1-0"]
[WhiteTitle "FM"]
[BlackTitle "CM"]
[WhiteElo "2401"]
[BlackElo "2178"]
[WhiteFideId "7129041"]
[BlackFideId "1274244"]
[EventDate "2025.06.17"]

1. e4 c5 2. Nf3 d6 3. d4 cxd4 4. Nxd4 Nf6 5. Nc3 g6 6. f3 Bg7 7. Be3 Nc6 8. Qd2
O-O 9. Bc4 Bd7 10. Bb3 Rb8 11. O-O-O Na5 12. g4 b5 13. Bh6 Bxh6 14. Qxh6 e5 15.
Nf5 Nxb3+ 16. axb3 Bxf5 17. gxf5 Nh5 18. Rhg1 Kh8 19. fxg6 fxg6 20. Rxg6 Qh4 21.
Rgxd6 Qxh2 22. Kb1 Rf7 23. Rd8+ 1-0

[Event "Titled Tue 17th Jun Early"]
[Site "chess.com INT"]
[Date "2025.06.17"]
[Round "4"]
[White "Devaev, Alexander"]
[Black "Purushothaman, Thirumalai"]
[Result "1-0"]
[WhiteTitle "FM"]
[BlackTitle "FM"]
[WhiteElo "2306"]
[BlackElo "2027"]
[WhiteFideId "4169395"]
[BlackFideId "5012791"]
[EventDate "2025.06.17"]

1. d4 d5 2. c4 e6 3. cxd5 exd5 4. Nc3 Be7 5. Nf3 Nf6 6. Bf4 O-O 7. e3 Bf5 8. Nh4
Be6 9. Bd3 Nbd7 10. Nf5 Bxf5 11. Bxf5 Nb6 12. O-O a6 13. Rc1 Bd6 14. Bg5 h6 15.
Bh4 Be7 16. Bb1 Ne4 17. Bxe7 Qxe7 18. Nxe4 dxe4 19. Qc2 c6 20. Qxe4 Qxe4 21.
Bxe4 Rfe8 22. Bf3 Rad8 23. Rc5 Nd7 24. Rc2 Nf6 25. Rfc1 Nd5 26. a3 Re7 27. Kf1
Rde8 28. Rc5 g5 29. Bxd5 cxd5 30. Rxd5 b5 31. Rdc5 Re6 32. g4 Re4 33. h3 f6 34.
Rc6 R4e6 35. Kg2 Rxc6 36. Rxc6 1-0

[Event "Titled Tue 17th Jun Early"]
[Site "chess.com INT"]
[Date "2025.06.17"]
[Round "4"]
[White "Hercegovac, Neven"]
[Black "Sethuraman, Roshan"]
[Result "0-1"]
[WhiteTitle "FM"]
[WhiteElo "2215"]
[BlackElo "2074"]
[WhiteFideId "2839135"]
[BlackFideId "30965250"]
[EventDate "2025.06.17"]

1. Nf3 Nf6 2. d4 d5 3. c3 e6 4. Bf4 Bd6 5. e3 c5 6. Nbd2 cxd4 7. Bxd6 dxe3 8.
Ba3 exd2+ 9. Qxd2 Nc6 10. Bd3 Bd7 11. O-O-O h6 12. h3 Qb6 13. g4 O-O-O 14. g5
Ne4 15. Bxe4 dxe4 16. Nd4 e5 17. Nxc6 Bxc6 18. Qe2 e3 19. Rh2 Rxd1+ 20. Qxd1
exf2 21. Qe2 hxg5 22. Qxf2 Qxf2 23. Rxf2 f6 24. Rd2 Rxh3 25. Be7 Rh8 26. b4 g4
27. c4 g3 28. b5 Be4 0-1

[Event "Titled Tue 17th Jun Early"]
[Site "chess.com INT"]
[Date "2025.06.17"]
[Round "4"]
[White "Jakovljevic, Dejan"]
[Black "Myagmarsuren, Evsuld"]
[Result "0-1"]
[WhiteTitle "CM"]
[BlackTitle "FM"]
[WhiteElo "1956"]
[BlackElo "2292"]
[WhiteFideId "949418"]
[BlackFideId "1551639"]
[EventDate "2025.06.17"]

1. e4 d5 2. exd5 Qxd5 3. Nc3 Qd8 4. Bc4 c6 5. Nf3 Bf5 6. d3 e6 7. Bg5 Be7 8. h4
h6 9. Bf4 Nf6 10. Qd2 Nbd7 11. O-O-O Nb6 12. Bb3 O-O 13. Ne5 Nbd5 14. Bxh6 gxh6
15. g4 Bh7 16. g5 Nd7 17. Rdg1 Nxe5 18. Ne4 Kh8 19. c4 Nf4 20. Qxf4 Nxd3+ 0-1

[Event "Titled Tue 17th Jun Early"]
[Site "chess.com INT"]
[Date "2025.06.17"]
[Round "4"]
[White "Deveci, Huseyin Said"]
[Black "Germanovs, Georgijs"]
[Result "0-1"]
[WhiteTitle "CM"]
[BlackTitle "CM"]
[WhiteElo "2212"]
[BlackElo "2260"]
[WhiteFideId "26322455"]
[BlackFideId "11609710"]
[EventDate "2025.06.17"]

1. c4 Nf6 2. g3 e6 3. Bg2 d5 4. Nf3 dxc4 5. Qa4+ Nbd7 6. Qxc4 Be7 7. O-O O-O 8.
d4 c5 9. Rd1 Nb6 10. Qc2 cxd4 11. Nxd4 Qe8 12. e4 e5 13. Nf5 Bxf5 14. exf5 Rc8
15. Nc3 Rc7 16. a4 Qc8 17. a5 Nc4 18. a6 bxa6 19. Bg5 Nxb2 20. Qxb2 Rxc3 21. Bd2
Rc2 22. Qxe5 Bc5 23. Rac1 Rxd2 24. Rxd2 Bxf2+ 25. Kxf2 Qxc1 26. Qd4 Ng4+ 27. Kf3
Nxh2+ 28. Kf4 h6 29. Bd5 Nf1 0-1

[Event "Titled Tue 17th Jun Early"]
[Site "chess.com INT"]
[Date "2025.06.17"]
[Round "4"]
[White "Cardozo Munar, Carlos Eduardo"]
[Black "Stojanovski, Sandi"]
[Result "1-0"]
[WhiteTitle "FM"]
[BlackTitle "FM"]
[WhiteElo "2052"]
[BlackElo "2169"]
[WhiteFideId "4409477"]
[BlackFideId "1403249"]
[EventDate "2025.06.17"]

1. d4 Nf6 2. Bg5 e6 3. e4 h6 4. Bxf6 Qxf6 5. c3 d5 6. Nd2 Qd8 7. Ngf3 Be7 8. Bd3
c5 9. exd5 Qxd5 10. O-O cxd4 11. Nxd4 O-O 12. Qb3 Qxb3 13. axb3 Bd7 14. Be4 Nc6
15. Nxc6 Bxc6 16. Bxc6 bxc6 17. Ra6 c5 18. Rfa1 Rfd8 19. Nc4 Rab8 20. Rxa7 Bf6
21. R7a3 g5 22. g3 Kg7 23. Kg2 Rb7 24. Ra7 Rxb3 25. Rc7 Be5 26. Nxe5 Rxb2 27.
Rxf7+ Kg8 28. Raa7 1-0

[Event "Titled Tue 17th Jun Early"]
[Site "chess.com INT"]
[Date "2025.06.17"]
[Round "4"]
[White "Bok, Benjamin"]
[Black "Bukreev, Stanislav"]
[Result "1-0"]
[WhiteTitle "GM"]
[BlackTitle "FM"]
[WhiteElo "2582"]
[BlackElo "2305"]
[WhiteFideId "1017063"]
[BlackFideId "34252347"]
[EventDate "2025.06.17"]

1. d4 e6 2. c4 Nf6 3. Nc3 d5 4. cxd5 Nxd5 5. e4 Nxc3 6. bxc3 c5 7. Rb1 Be7 8.
Nf3 O-O 9. h4 h6 10. Be2 b6 11. Rh3 Bb7 12. Bd3 cxd4 13. Rg3 Kh8 14. Bxh6 gxh6
15. Qd2 Bg5 16. hxg5 Nc6 17. g6 Kg7 18. gxf7+ Kxf7 19. Qxh6 Qf6 20. Qh7+ Ke8 21.
Qxb7 dxc3 22. Qxc6+ Ke7 23. Qc7+ Ke8 24. Bb5# 1-0

[Event "Titled Tue 17th Jun Early"]
[Site "chess.com INT"]
[Date "2025.06.17"]
[Round "4"]
[White "Kalyani Sirin"]
[Black "Jasinski, Alexander"]
[Result "1-0"]
[WhiteTitle "WFM"]
[WhiteElo "2138"]
[BlackElo "1989"]
[WhiteFideId "33323500"]
[BlackFideId "55627994"]
[EventDate "2025.06.17"]

1. e4 c5 2. Nf3 d6 3. d4 cxd4 4. Nxd4 Nf6 5. Nc3 Nc6 6. f3 e5 7. Nb3 Be6 8. Nd5
Be7 9. Be3 O-O 10. Qd2 a5 11. Bb6 Qb8 12. Bb5 Bxd5 13. exd5 Nb4 14. c4 Bd8 15.
Bf2 a4 16. Qxb4 axb3 17. Qxb3 Ba5+ 18. Kf1 e4 19. Bd4 Qd8 20. Kf2 Bb6 21. Qe3
Bxd4 22. Qxd4 exf3 23. gxf3 Qa5 24. Rhg1 Nh5 25. Rg5 Nf6 26. Rxg7+ Kxg7 27. Rg1+ 1-0

[Event "Titled Tue 17th Jun Early"]
[Site "chess.com INT"]
[Date "2025.06.17"]
[Round "4"]
[White "Zhigalko, Sergei"]
[Black "Ersoz, Teoman Guney"]
[Result "1-0"]
[WhiteTitle "GM"]
[BlackTitle "CM"]
[WhiteElo "2572"]
[BlackElo "2052"]
[WhiteFideId "13502956"]
[BlackFideId "44537050"]
[EventDate "2025.06.17"]

1. e4 c5 2. Nf3 g6 3. c3 d5 4. exd5 Qxd5 5. d4 Bg7 6. Na3 cxd4 7. Bc4 Qe4+ 8.
Be3 Nh6 9. Nb5 Na6 10. cxd4 Nf5 11. Qe2 Nxe3 12. Bxf7+ Kf8 13. fxe3 Nb4 14. O-O
Bf6 15. Bb3 Bf5 16. Nc3 Qd3 17. Qf2 Kg7 18. Rad1 Qa6 19. e4 Bg4 20. e5 Rhf8 21.
exf6+ Rxf6 22. Qe3 Raf8 23. Qxe7+ Kh8 24. Qxb4 1-0

[Event "Titled Tue 17th Jun Early"]
[Site "chess.com INT"]
[Date "2025.06.17"]
[Round "4"]
[White "Voege, Tobias"]
[Black "Linares Orellana, Hector Jose"]
[Result "0-1"]
[WhiteTitle "FM"]
[BlackTitle "FM"]
[WhiteElo "2256"]
[BlackElo "2111"]
[WhiteFideId "1270513"]
[BlackFideId "7304307"]
[EventDate "2025.06.17"]

1. d4 d5 2. Nd2 Nf6 3. f3 c5 4. c3 cxd4 5. cxd4 Nc6 6. Nb3 e6 7. Nh3 Bd6 8. Bg5
h6 9. Bh4 O-O 10. e3 a5 11. Bd3 Bb4+ 12. Nd2 e5 13. dxe5 Nxe5 14. Be2 Qb6 15.
Bxf6 gxf6 16. Kf2 Bc5 17. Nf1 d4 18. exd4 Bxd4+ 19. Kg3 Kh8 20. Qd2 Rg8+ 21. Kh4
f5 22. Nf4 Qf6+ 23. Kh3 Ng6 24. Nh5 Qh4# 0-1

[Event "Titled Tue 17th Jun Early"]
[Site "chess.com INT"]
[Date "2025.06.17"]
[Round "4"]
[White "Sychev, Klementy"]
[Black "Li, Hui"]
[Result "1-0"]
[WhiteTitle "GM"]
[BlackTitle "CM"]
[WhiteElo "2513"]
[BlackElo "2041"]
[WhiteFideId "4114060"]
[BlackFideId "15400310"]
[EventDate "2025.06.17"]

1. e4 e5 2. Nf3 Nf6 3. d4 Nxe4 4. Bd3 d5 5. Nxe5 Nd7 6. O-O Nxe5 7. dxe5 Nc5 8.
Be3 c6 9. f4 Be7 10. f5 d4 11. Bf4 Bg5 12. Nd2 Bxf4 13. Rxf4 Qg5 14. Qf3 O-O 15.
Ne4 Nxe4 16. Qxe4 f6 17. e6 c5 18. e7 Re8 19. Bb5 1-0

[Event "Titled Tue 17th Jun Early"]
[Site "chess.com INT"]
[Date "2025.06.17"]
[Round "4"]
[White "Donchenko, Alexander"]
[Black "Dann, Matthias"]
[Result "1-0"]
[WhiteTitle "GM"]
[BlackTitle "IM"]
[WhiteElo "2613"]
[BlackElo "2446"]
[WhiteFideId "24603295"]
[BlackFideId "24638056"]
[EventDate "2025.06.17"]

1. c4 Nf6 2. g3 e6 3. Bg2 d5 4. d4 dxc4 5. Qa4+ c6 6. Qxc4 b5 7. Qd3 Be7 8. a4
bxa4 9. Rxa4 O-O 10. Nf3 Bb7 11. O-O Nbd7 12. Nfd2 Nb6 13. Ra1 Qd7 14. Nb3 Rfc8
15. Na5 Nbd5 16. Nc3 c5 17. Nxb7 Qxb7 18. Nxd5 exd5 19. dxc5 Bxc5 20. Ra2 a5 21.
Bd2 Bb4 22. Bf4 Rc4 23. Qxc4 1-0

[Event "Titled Tue 17th Jun Early"]
[Site "chess.com INT"]
[Date "2025.06.17"]
[Round "4"]
[White "Mompel Ferruz, Xavier"]
[Black "Ady, Jonathan J."]
[Result "1-0"]
[WhiteTitle "FM"]
[BlackTitle "FM"]
[WhiteElo "2342"]
[BlackElo "2355"]
[WhiteFideId "54585775"]
[BlackFideId "6000240"]
[EventDate "2025.06.17"]

1. e4 c5 2. Nf3 d6 3. d4 cxd4 4. Nxd4 Nf6 5. Nc3 a6 6. Nb3 g6 7. Bg5 Bg7 8. Qd2
O-O 9. O-O-O b5 10. f3 Nbd7 11. h4 b4 12. Ne2 a5 13. Bh6 a4 14. Nbd4 Ne5 15. Ng3
b3 16. cxb3 axb3 17. a3 Ba6 18. h5 Rc8+ 19. Kb1 Bxf1 20. Bxg7 Kxg7 21. hxg6 Bd3+
22. Ka1 h5 23. Ngf5+ Kg8 24. Qh6 1-0

[Event "Titled Tue 17th Jun Early"]
[Site "chess.com INT"]
[Date "2025.06.17"]
[Round "4"]
[White "Chiang, Jacob"]
[Black "Deboushnik De"]
[Result "1-0"]
[BlackTitle "CM"]
[WhiteElo "2006"]
[BlackElo "2272"]
[WhiteFideId "30962331"]
[BlackFideId "25768778"]
[EventDate "2025.06.17"]

1. Nf3 Nf6 2. c4 g6 3. g3 Bg7 4. Bg2 O-O 5. O-O d6 6. d4 Nc6 7. d5 Na5 8. Nbd2
c5 9. Rb1 Bf5 10. Ra1 Rb8 11. a4 a6 12. Re1 b5 13. axb5 axb5 14. e4 Bd7 15. e5
Ng4 16. e6 fxe6 17. dxe6 Bc6 18. h3 Ne5 19. Nxe5 Bxe5 20. cxb5 Bxg2 21. Kxg2
Rxb5 22. Nf3 Bxb2 23. Rb1 Qb8 24. Qe2 Rxf3 25. Qxf3 Bf6 26. Rxb5 Qxb5 27. Bg5
Qc6 28. Qxc6 Nxc6 29. Bxf6 Kf8 30. Bc3 d5 31. Rb1 d4 32. Bd2 Kg7 33. Rb6 Ne5 34.
Bg5 d3 35. Kf1 c4 36. Rb7 Nc6 37. Bxe7 c3 38. Bb4+ Kf6 39. Bxc3+ Kxe6 40. Rxh7
Kd5 41. Rd7+ 1-0

[Event "Titled Tue 17th Jun Early"]
[Site "chess.com INT"]
[Date "2025.06.17"]
[Round "4"]
[White "Marynychenko, Yehor"]
[Black "Zhukovskyi, Oleksandr"]
[Result "1-0"]
[WhiteTitle "CM"]
[BlackTitle "CM"]
[WhiteElo "2183"]
[BlackElo "2145"]
[WhiteFideId "34160558"]
[BlackFideId "14169371"]
[EventDate "2025.06.17"]

1. e4 Nf6 2. e5 Nd5 3. c4 Nb6 4. c5 Nd5 5. Bc4 e6 6. d4 d6 7. cxd6 cxd6 8. Nf3
Nc6 9. O-O Be7 10. Qe2 O-O 11. Rd1 a6 12. Nc3 Nxc3 13. bxc3 b5 14. Bd3 Bb7 15.
exd6 Bxd6 16. Bxh7+ Kh8 17. Be4 Qc7 18. Ne5 g6 19. Qf3 Nxe5 20. dxe5 Bxe4 21.
Qf6+ Kh7 22. exd6 Rad8 23. Bh6 Qxc3 24. Qxc3 Kxh6 25. Qe3+ 1-0

[Event "Titled Tue 17th Jun Early"]
[Site "chess.com INT"]
[Date "2025.06.17"]
[Round "4"]
[White "Lee, Qing Aun"]
[Black "Ivanov, Andrey A."]
[Result "1-0"]
[WhiteTitle "FM"]
[BlackTitle "CM"]
[WhiteElo "2280"]
[BlackElo "2120"]
[WhiteFideId "5804167"]
[BlackFideId "2514311"]
[EventDate "2025.06.17"]

1. d4 Nf6 2. Nc3 d5 3. Bf4 a6 4. e3 Bf5 5. f3 h6 6. g4 Bh7 7. h4 e6 8. Bd3 Bxd3
9. Qxd3 c5 10. Nge2 Nc6 11. Kf2 Bd6 12. g5 Bxf4 13. gxf6 Bd6 14. fxg7 Rg8 15.
Qh7 Kd7 16. Qxh6 cxd4 17. exd4 Qb6 18. Rad1 Ne7 19. Qf6 Nf5 20. Qxf7+ Be7 21.
Nxd5 Qd6 22. Nf6+ Kc7 23. Nxg8 Rxg8 24. Qxg8 Bxh4+ 25. Rxh4 Nxh4 26. Qf7+ Kb6
27. g8=Q Qh2+ 28. Ke3 Nf5+ 29. Kd3 1-0

[Event "Titled Tue 17th Jun Early"]
[Site "chess.com INT"]
[Date "2025.06.17"]
[Round "4"]
[White "Garde, Guillaume"]
[Black "Radchenko, Alexey"]
[Result "0-1"]
[WhiteTitle "CM"]
[BlackTitle "FM"]
[WhiteElo "2211"]
[BlackElo "2290"]
[WhiteFideId "45138273"]
[BlackFideId "4192362"]
[EventDate "2025.06.17"]

1. d4 d5 2. Nf3 c6 3. e3 Nf6 4. b3 g6 5. Bb2 Bg7 6. Nbd2 O-O 7. Bd3 Bf5 8. Bxf5
gxf5 9. O-O e6 10. Ne5 Nbd7 11. Qf3 Nxe5 12. dxe5 Nd7 13. Qg3 Kh8 14. Nf3 Rg8
15. Qh3 Qe7 16. Kh1 Raf8 17. c4 f6 18. exf6 Bxf6 19. Bxf6+ Nxf6 20. cxd5 cxd5
21. Rac1 Ne4 22. Rc2 Rc8 23. Rfc1 Nxf2+ 24. Rxf2 Rxc1+ 25. Ng1 Ra1 26. Qh4 Qxh4 0-1